| 000 | 00810nam a2200193Ii 4500 | ||
|---|---|---|---|
| 003 | JO-AjNU | ||
| 008 | 230605s9999||||xx |||||||||||||| ||und|| | ||
| 040 |
_aJO-AjNU _bara _erda _cJO-AjNU |
||
| 041 | _aara | ||
| 050 | 1 | 4 | _aHF5655.A7.D422 1978 |
| 100 | 3 |
_aتأليف: دبيان، السيد عبد المقصود / م.مشارك: علي احمد ابو الحسن, _eauthor _97946 |
|
| 245 | 0 | 0 | _aدراسات في النظم ومشاكل القياس المحاسبية |
| 264 | 3 | 1 | _aالاسكندرية: دار المطبوعات الجامعية، 1978 |
| 300 |
_a301ص _bيحتوي على ببلوغرافية من ص299-301ص |
||
| 336 |
_atext _btxt _2rdacontent |
||
| 337 |
_aunmediated _bn _2rdamedia |
||
| 338 |
_avolume _bnc _2rdacarrier |
||
| 650 | 4 |
_aالمحاسبة - مشاكل القياس _97947 |
|
| 999 |
_aA536 _c4104 _d4104 |
||